Ghana and the Rawlings factor (Record no. 244)

MARC details
000 -LEADER
fixed length control field 00686nam a2200169Ia 4500
008 - FIXED-LENGTH DATA ELEMENTS--GENERAL INFORMATION
fixed length control field 240428s9999||||xx |||||||||||||| ||und||
020 ## - INTERNATIONAL STANDARD BOOK NUMBER
International Standard Book Number 0333568400
041 ## - LANGUAGE CODE
Language code of text/sound track or separate title eng
082 ## - DEWEY DECIMAL CLASSIFICATION NUMBER
Classification number 966.705 S
100 ## - MAIN ENTRY--PERSONAL NAME
Personal name Shillington, Kevin
245 #0 - TITLE STATEMENT
Title Ghana and the Rawlings factor
260 ## - PUBLICATION, DISTRIBUTION, ETC.
Name of publisher, distributor, etc. Macmillan Press
Place of publication, distribution, etc. London
Date of publication, distribution, etc. 1992
300 ## - PHYSICAL DESCRIPTION
Extent viii, 184 p., [16] p. of plates : ill.
650 ## - SUBJECT ADDED ENTRY--TOPICAL TERM
Topical term or geographic name entry element Ghana -- Politics and government -- 1979-2001. - Ghana -- History -- Coup d'etat, 1979. - Ghana -- History -- Coup d'etat, 1981. - - Ghana -- Politics and government - Ghana -- Economic conditions. - Ghana History 1957- - Rawlings, Jerry J., 1947-2020 - Economic history
942 ## - ADDED ENTRY ELEMENTS (KOHA)
Koha item type Books
Holdings
Withdrawn status Lost status Damaged status Not for loan Home library Current library Shelving location Date acquired Total checkouts Full call number Date last seen Copy number Price effective from Koha item type
        Main Library Main Library Open Shelves 16/08/2021   966.705 S 415 C1 - 966.705S 1729 C2 29/04/2024 1 29/04/2024 Books
©2026  Parliament of Ghana Library - All rights reserved